Dictionnaire biographique (Record no. 5376)

MARC details
000 -CABECERA
campo de control de longitud fija 01194nam a2200241 a 4500
001 - NÚMERO DE CONTROL
campo de control BRCA_5683
005 - FECHA Y HORA DE LA ÚLTIMA TRANSACCIÓN
campo de control 20190320205159.0
008 - DATOS DE LONGITUD FIJA--INFORMACIÓN GENERAL
campo de control de longitud fija 260810s1840----fr-abc####---#000-0#fre-#
041 ## - CÓDIGO DE LENGUA
Código de lengua del texto/banda sonora o título independiente fre
044 ## - CÓDIGO DEL PAÍS DE LA ENTIDAD EDITORA/PRODUCTORA
Código MARC del país fr
050 #4 - SIGNATURA TOPOGRÁFICA DE LA BIBLIOTECA DEL CONGRESO
Número de clasificación AE25
Número de documento/Ítem .D53 1840
245 10 - MENCIÓN DE TÍTULO
Título Dictionnaire biographique
Resto del título universel, historique
Mención de responsabilidad, etc. suivant la methode de A. Lesage (comte de las-Cases) par une societe de professeurs et de gens de lettres.
260 ## - PUBLICACIÓN, DISTRIBUCIÓN, ETC.
Lugar de publicación, distribución, etc. París
Nombre del editor, distribuidor, etc. Chez les editeurs
Fecha de publicación, distribución, etc. 1840
300 ## - DESCRIPCIÓN FÍSICA
Extensión 25 v. en 12 t.
Otras características físicas il., mapas, retratos
Dimensiones 14 cm.
500 ## - NOTA GENERAL
Nota general Diccionario inventariado por Banco de México como libro
500 ## - NOTA GENERAL
Nota general T1
505 0# - NOTA DE CONTENIDO CON FORMATO
Nota de contenido con formato 1.2. Tome premier A-AL.-- 3.4. Tome deuxième AN-BE.-- 5.6.7. Tome troisième BE-BR.-- 8.9. Tome quatrième CA-CR.-- 10.11. Tome cinquième CR- DU.-- 12.13. Tome sixième DU-FL.-- 14.15. Tome septième FL-GU.-- 16.17. Tome huitième GU-LA.-- 18.19. Tome neuvième LA-MA.-- 20.21. Tome dixième MA-PA.-- 22.23. Tome onzième PA-RI.-- 24.25. Tome dixième seconde RI-ZU
600 14 - PUNTO DE ACCESO ADICIONAL DE MATERIA--NOMBRE DE PERSONA
Nombre de persona Lesage, Emmanuel-Auguste
Títulos y otros términos asociados al nombre Conde de las Casas
Fechas asociadas al nombre 1766-1842
9 (RLIN) 14438
650 14 - PUNTO DE ACCESO ADICIONAL DE MATERIA--TÉRMINO DE MATERIA
Término de materia o nombre geográfico como elemento de entrada Enciclopedias y diccionarios
9 (RLIN) 9441
650 14 - PUNTO DE ACCESO ADICIONAL DE MATERIA--TÉRMINO DE MATERIA
Término de materia o nombre geográfico como elemento de entrada Biografías
9 (RLIN) 14439
902 ## - CATALOGADOR
Iniciales GFM
942 ## - ELEMENTOS DE PUNTO DE ACCESO ADICIONAL (KOHA)
Fuente del sistema de clasificación o colocación Library of Congress Classification
Tipo de ítem Koha Libros
Holdings
Estado de retiro Estado de pérdida Estado dañado No para préstamo Localización permanente Ubicación/localización actual Fecha de adquisición Número de inventario Total de préstamos Signatura topográfica completa Código de barras Fecha visto por última vez Precio válido a partir de Tipo de ítem Koha
El ejemplar forma parte de la colección y puede ser consultado según las políticas vigentes.       Biblioteca del Museo Franz Mayer (Rogerio Casas-Alatriste) Biblioteca del Museo Franz Mayer (Rogerio Casas-Alatriste) 02/03/2011 T1   AE25 .D53 1840 (T1) 6119 22/03/2019 22/03/2019 Libros